| 000 | 00349nam a22001337a 4500 | ||
|---|---|---|---|
| 008 | 170401b xxu||||| |||| 00| 0 eng d | ||
| 020 | _a1556422377 | ||
| 041 | _aeng | ||
| 080 | _a617 | ||
| 100 | _a8 | ||
| 101 | _aSHM | ||
| 245 |
_aREFRACTIVE KERATOTOMY FOR CATARACT SURGERY AND THE CORRECTION OF ASTIGMATISM _cKERSHNER, R.M |
||
| 942 |
_2udc _cBK |
||
| 999 |
_c9361 _d9361 |
||